Dřevěné stavby konstrukce, ochrana a údržba

Podrobná bibliografia
Hlavní autori: Štefko, Jozef, 1962- (Autor), Reinprecht, Ladislav, 1953- (Autor), Kuklík, Petr, 1949- (Autor)
Ďalší autori: Braunšteinová, Zlatuše (Prekladateľ)
Médium: Kniha
Jazyk:čeština
slovenčina
Fyzický popis:196 s. fareb. fotogr., sch., tab. 29 cm
Vydavateľské údaje: Bratislava Jaga 2009
ISBN:9788080760809
Vydanie:2. čes. vyd., dot.
Predmet:

MARC

LEADER 00000cam a2200000 a 4500
001 vtls009847223
003 SK-MaSNL
005 20260301025704.0
008 240315s2009 xo ol f 000 0 cze
015 |a SNBA2010/04-01878 
020 |a 9788080760809  |q (viaz.) 
035 |a (SVKBBclas03)vtls000313750 
035 |a urn:nbn:sk:snk-amkx2z 
035 |a urn:nbn:sk:snk-am0082gz 
035 |a 0BDB418D-03F9-4A4C-8B50-4A866B4F8C19 
040 |a SNK  |b slo  |c SNK  |e AACR2 
041 1 |a cze  |h slo 
044 |a xo 
072 7 |a 694  |x Drevené stavby. Tesárstvo. Stolárstvo  |2 konspekt 
080 |a 694.1  |2 2001 
080 |a 624.011.1  |2 2001 
080 |a 658.58  |2 2001 
080 |a (048.8)  |2 2001 
100 1 |a Štefko, Jozef,  |d 1962-  |4 aut  |9 224099 
245 1 0 |a Dřevěné stavby  |b konstrukce, ochrana a údržba  |c Jozef Štefko, Ladislav Reinprecht, Petr Kuklík ; [překlad Zlatuše Braunšteinová] 
250 |a 2. čes. vyd., dot. 
260 |a Bratislava  |b Jaga  |c 2009 
300 |a 196 s.  |b fareb. fotogr., sch., tab.  |c 29 cm 
504 |a Bibliogr. 
650 0 7 |a drevené stavby  |2 SNKPH  |9 2987 
650 0 7 |a opravy a údržba  |2 SVKBBPH  |9 67615 
650 0 7 |a drevené konštrukcie  |2 SNKPH  |9 3694 
650 0 7 |a Wooden buildings  |2 SNKPHeng  |9 322141 
650 0 7 |a Wooden structures  |2 SNKPHeng  |9 314761 
650 0 7 |a Maintenance and repair  |2 SNKPHeng  |9 286963 
655 7 |a monografie  |2 SNKPH  |9 70139 
655 7 |a Monographs  |2 SNKPHeng  |9 120675 
700 1 |a Reinprecht, Ladislav,  |d 1953-  |4 aut  |9 100308 
700 1 |a Kuklík, Petr,  |d 1949-  |4 aut  |9 322142 
700 1 |a Braunšteinová, Zlatuše  |4 trl  |9 322143 
919 |a 978--80-8076-080-9 
958 |a NB 
958 |a CZ 
958 |a NM 
958 |a OP 
968 |a Čes  |b SLO  |d 66/69 
999 |c 573118  |d 575048 
952 |a SNK  |b SNK  |y PREZ  |7 0  |p 17A0640227  |o snkSB 78731  |i snk2009/22286  |8 0  |0 0  |1 0  |4 0  |d 2009-12-14  |f 1  |l 0  |r 2025-04-29 00:00:00  |w 2026-02-23 
952 |a SNK  |b SNK  |y VYP  |7 0  |p 17A0640228  |o snkSB 78731 D1  |i snk2009/22287  |8 0  |z Digitalizovaný  |0 0  |1 0  |4 0  |d 2009-12-14  |l 0  |r 2016-06-30 00:00:00  |w 2026-02-23 
952 |a SNK  |b SNK  |y VYP  |7 0  |p 17A0641572  |o snkSB 78731 D2  |i snk2010/620  |8 4  |g 9.88  |z Dotlač k 2. českému vyd., r. 2009 ; Digitalizovaný  |0 0  |1 0  |4 0  |d 2009-11-24  |l 0  |r 2016-06-30 00:00:00  |w 2026-02-23